000 00652nam a2200265Ia 4500
005 20260121165406.0
008 008 260114s9999 xx 000 0 eng d
020 _a9783319561172
037 _aEBOOK
040 _aCRL
040 _beng
040 _cCRL
041 _2eng
041 _aeng
084 _qCRL
100 _aFerdinando Mancini, Roberta Citro
_91051146
245 4 _aThe Iron Pnictide Superconductors
260 _bSpringer
260 _bSpringer
260 _c2017
856 _uhttps://link.springer.com/openurl?genre=book&isbn=978-3-319-56117-2
942 _cEBOOK
999 _c1616871
_d1616871